Flags for Initial Letters - T - Statistics

General Stats
  • This quiz has been taken 26 times
  • The average score is 10 of 11
Answer Stats
Picture Answer % Correct
Turkey
100%
Tanzania
96%
Thailand
96%
Togo
96%
Tunisia
96%
Trinidad and Tobago
92%
Tuvalu
92%
Taiwan
88%
Turkmenistan
88%
Tonga
84%
Tajikistan
80%
No matching quizzes found
Score Distribution
Percent of People with Each Score
Percentile by Number Answered
Your Score History
You have not taken this quiz